Sicília

Bibliographic Details
Main Author: Colonna, Michele, 1934-2009 (Author, Translator)
Other Authors: Moravčík, Štefan, 1943- (Translator), Šurányová, Milada (upr)
Format: Article
Language:Slovak
Italian
Subjects:

MARC

LEADER 00000nab a2200000 a 4500
001 vtls000648881
003 SK-MaSNL
005 20260304101835.0
008 250425c1998 xo 0 slo
015 |a SNBRA1998/01-01417 
035 |a CLN000001076 
035 |a urn:nbn:sk:snk-abepxx 
035 |a (urnnbn)urn:nbn:sk:snk:ar-000ddq 
035 |a (uuid)652ee200-6dc3-4370-99e0-71fd580c9afe 
040 |a SNKBUCL  |b slo  |c SNKBUCL  |e AACR2 
041 1 |a slo  |h ita 
044 |a xo  |c SK 
080 |a 850-1  |2 1997 
100 1 |a Colonna, Michele,  |d 1934-2009  |4 aut  |4 trl  |9 53757 
245 1 0 |a Sicília  |c Michele Colonna ; korigovala Milada Šurányová ; preložil Michele Colonna ; prebásnil Štefan Moravčík 
300 |b Fotogr. 
505 1 |a Obsahuje básne: Detstvo ; Cassibile ; Syn ; Večer ; Múdra ; Opustené dievča ; Máj ; Otec ; Matka ; Dievča ; Matka a dcéra ; Manželka ; Prvé prikázanie ; Mŕtve dievča ; Matka ; Otec 
655 7 |a talianska poézia  |2 snkbucl  |9 70651 
655 7 |a články z novín a časopisov  |2 snkbucl  |9 267496 
655 7 |a články z odboru literárna veda a krásna literatúra  |2 snkbucl  |9 770045 
700 1 |a Moravčík, Štefan,  |d 1943-  |4 trl  |9 98697 
700 1 |a Šurányová, Milada  |4 upr  |9 1397955 
773 0 |t Slovenské pohľady  |g Roč. 4+114, č. 1 (1998), s. 47-52 
850 |a Slovenská národná knižnica 
852 |a Slovenská národná knižnica 
958 |a article27 
958 |a LX 
958 |a IT 
958 |a OND 
958 |a EUIPO 
992 |a RBX 
999 |c 2842921  |d 2844851